000 00570nam a2200205Ia 4500
001 2926
003 GE_BSU
008 181216s||||||||xx |||||||||||||| ||und||
040 _cGE_BSU
080 _a697.621(075)
100 _aДроздов, В.Ф.
245 _aТеплоснабжение и вентиляция.
245 _cред.Ж.А.Беспалько.
260 _aМ.
260 _bВысшая школа.
260 _c1968.
300 _a351стр.с илл.21см.
653 _aТеплоснабжение и вентиляция.
942 _cBK
999 _c36974
_d36974